00282nam a2200121Ia 4500008004000000041000800040082001200048100001600060245001700076260004600093650000900139650001200148210210b1954 xxu||||| |||| 00| 0 eng d aeng a821/132 aCHAUCER (G) aKnights tale aLondonbGeorge G Harrap and Companyc1954 atale aKnights